000 00747nam a2200217 a 4500
001 000027698
005 20240412074253.0
008 110404s1987 dr a 000 p spa d
040 _aDO-SdBNP
_bspa
_cBNPHU
082 _aRD861.44
_bV468t
100 1 _aVentura, Miriam
_937940
245 1 0 _aTrópico acerca del otoño /
_cMiriam Ventura ; prólogo León David.
260 _a[Santo Domingo] :
_bHuellas,
_c1987.
300 _a67 p. :
_bil. ;
_c20 cm.
590 _aPerteneció a la biblioteca personal de Juan Isidro Jimenes Grullón.
590 _aInventariado, 2019/LP
650 0 _aPoesía dominicana
_966
650 0 _aLiteratura dominicana.
_967
700 1 2 _aLeón David
_d1945-
_epról.
_984930
910 _aValidado. Control de calidad MFF
999 _c27190
_d27190